000 00851nam0a22002651 4500
001 v19\rc\1878536
005 20260406093216.0
035 _a(NLR Aleph) 004968341
090 _a6057803
_c6057803
100 _a20080221d1911 u y0rusy50 ca
101 0 _arus
102 _aRU
105 _ay z |||a|
200 1 _aГнев Диониса
_e[Роман]
205 _a5-е изд.
210 _aСанкт-Петербург
_d[1911]
316 _aЭкземпляр РНБ (38.79.6.238): утрачен
_5NLR: 38.79.6.238
700 1 _7ca
_8rus
_aНагродская
_bЕ. А.
_f1866-1930
_gЕвдокия Аполлоновна
_3RU\NLR\AUTH\770284781
_92678594
801 0 _aRU
_bNLR
_gpsbo
801 0 _aRU
_bRuMoRGB
_2psbo
801 1 _aRU
_bProSoft-M
_2rusmarc
852 _aNLR
_j38.79.6.238
899 _aRuMoRGB
_jU 88/98
942 _cBOOK
980 _aNB